|
|
|
|
| LEADER |
00911nam a2200301 4500 |
| 001 |
DLU150168963 |
| 005 |
##20150420 |
| 040 |
# |
# |
|a DLU
|b vie
|
| 041 |
# |
# |
|a vie
|
| 044 |
# |
# |
|a vn
|
| 100 |
# |
# |
|a Nguyễn Văn Cư,
|c PGS.TS.
|
| 245 |
# |
# |
|a Khó khăn tâm lí và nhu cầu được tham vấn của trẻ bị ảnh hưởng bởi HIV/AIDS /
|c Nguyễn Văn Cư, Phạm Văn Tư.
|
| 653 |
# |
# |
|a HIV/AIDS
|
| 653 |
# |
# |
|a Khó khăn tâm lí
|
| 653 |
# |
# |
|a Nhu cầu
|
| 653 |
# |
# |
|a Tham vấn
|
| 653 |
# |
# |
|a Trẻ em
|
| 700 |
# |
# |
|a Phạm Văn Tư,
|c ThS.
|
| 773 |
# |
# |
|t Tạp chí Giáo Dục
|g Số 277(1), 1/ 2012, tr.15-16
|
| 920 |
# |
# |
|a Phòng Tạp chí -- Trung tâm Thông tin - Thư viện Trường Đại học Đà Lạt
|
| 994 |
# |
# |
|a DLU
|
| 900 |
# |
# |
|a True
|
| 911 |
# |
# |
|a Trần Thị Minh Hương
|
| 925 |
# |
# |
|a G
|
| 926 |
# |
# |
|a A
|
| 927 |
# |
# |
|a BB
|
| 980 |
# |
# |
|a Thư viện Trường Đại học Đà Lạt
|